[Event "34.Schlosspark-Open"]
[Site "Wiesbaden-Biebrich"]
[Date "2025.08.28"]
[Round "1.1"]
[White "Schmitt, Clemens"]
[Black "Kollars, Dmitrij"]
[Result "0-1"]
[WhiteElo "1889"]
[BlackElo "2644"]
[PlyCount "88"]
[EventDate "2025.08.28"]
[WhiteTeam "SV Bergwinkel"]
[BlackTeam "SF Deizisau"]

1. c4 e5 2. Nc3 Bb4 3. Nd5 a5 4. a3 Bc5 5. e3 d6 6. d4 Ba7 7. dxe5 dxe5 8. Qc2 Ne7 9. Bd2 c6 10. Nc3 Bf5 11. Ne4 O-O 12. Bd3 Nd7 13. Nf6+ Nxf6 14. Bxf5 Nxf5 15. Qxf5 Qe7 16. Ne2 Bb8 17. O-O Bc7 18. Ng3 g6 19. Qg5 Qe6 20. Bc3 Ne8 21. b3 a4 22. Bb4 f6 23. Qh4 Rf7 24. bxa4 f5 25. a5 Bd8 26. Qh3 Qxc4 27. Rac1 Qe6 28. Ne4 g5 29. Nc5 Qg6 30. Qg3 e4 31. f4 gxf4 32. Qxg6+ hxg6 33. Rxf4 Bg5 34. Ne6 Bxf4 35. Nxf4 Kg7 36. Rd1 g5 37. Ne6+ Kg6 38. Nf8+ Kh6 39. Ne6 Nf6 40. Nd4 Nd5 41. Bd2 f4 42. Rf1 fxe3 43. Rxf7 exd2 44. Rf1 Ne3 0-1

[Event "34.Schlosspark-Open"]
[Site "Wiesbaden-Biebrich"]
[Date "2025.08.28"]
[Round "1.2"]
[White "Weber, Samuel"]
[Black "Stehning, Ralf"]
[Result "1-0"]
[WhiteElo "2239"]
[BlackElo "1877"]
[PlyCount "91"]
[EventDate "2025.08.28"]
[WhiteTeam "SV Oberursel"]
[BlackTeam "SF Braunfels"]

1. c4 e6 2. g3 Nf6 3. Bg2 d5 4. Nf3 Be7 5. O-O O-O 6. b3 c5 7. Bb2 d4 8. e3 Nc6 9. exd4 cxd4 10. Re1 Re8 11. d3 Bb4 12. Re2 a5 13. a3 Bf8 14. Qe1 Qb6 15. Nbd2 Nd7 16. Qd1 e5 17. Qc2 Nc5 18. Nxd4 Nxd4 19. Bxd4 Bf5 20. Bxc5 Bxc5 21. Ne4 Bd4 22. Rc1 Bxe4 23. Bxe4 Rac8 24. Rb1 Qa7 25. Qd1 b6 26. Ra2 Qd7 27. Qf3 Qd6 28. b4 axb4 29. axb4 g6 30. Bd5 Rc7 31. Kg2 Kg7 32. h4 Qf6 33. Qxf6+ Kxf6 34. g4 h6 35. Ra6 Kg7 36. Rb3 Ree7 37. Be4 Ra7 38. Rba3 Rxa6 39. Rxa6 Rc7 40. c5 bxc5 41. b5 c4 42. b6 Rc5 43. b7 Rb5 44. dxc4 Rb2 45. Ra8 Bxf2 46. b8=Q 1-0

[Event "34.Schlosspark-Open"]
[Site "Wiesbaden-Biebrich"]
[Date "2025.08.28"]
[Round "1.3"]
[White "Berberich, Christoph"]
[Black "Khenkin, Igor"]
[Result "0-1"]
[WhiteElo "1876"]
[BlackElo "2499"]
[PlyCount "86"]
[EventDate "2025.08.28"]
[WhiteTeam "SK Freiburg-Zähringen 1887 e.V."]
[BlackTeam "Wiesbadener SV 1885"]

1. d4 d5 2. Nf3 Nf6 3. c3 c5 4. e3 Nbd7 5. Bd3 g6 6. Nbd2 Bg7 7. O-O O-O 8. e4 cxd4 9. Nxd4 Nc5 10. Bc2 dxe4 11. Qe1 e5 12. N4b3 Nd3 13. Bxd3 exd3 14. Qxe5 Nh5 15. Qa5 b6 16. Qb4 a5 17. Qe4 Bf5 18. Qa4 Bd7 19. Qe4 Bf5 20. Qa4 b5 21. Qxb5 a4 22. Nd4 Bxd4 23. cxd4 Nf4 24. Nf3 Ne2+ 25. Kh1 Nxd4 26. Nxd4 Qxd4 27. Bd2 Rab8 28. Bc3 Rxb5 29. Bxd4 Rd8 30. Bf6 Rd6 31. Bc3 d2 32. Rad1 Rbd5 33. Kg1 Bc2 34. f3 Bxd1 35. Rxd1 Rc6 36. Kf2 a3 37. Ke2 axb2 38. Bxb2 Rc2 39. Ba1 f5 40. a3 Kf7 41. h4 Rc1 42. Bb2 Rxd1 43. Kxd1 Rd3 0-1

[Event "34.Schlosspark-Open"]
[Site "Wiesbaden-Biebrich"]
[Date "2025.08.28"]
[Round "1.4"]
[White "Poetsch, Hagen"]
[Black "Hipler, Andreas"]
[Result "1-0"]
[WhiteElo "2479"]
[BlackElo "1873"]
[PlyCount "49"]
[EventDate "2025.08.28"]
[WhiteTeam "SC Heusenstamm"]
[BlackTeam "SK Gau-Algesheim"]

1. e4 c6 2. d4 d5 3. e5 Bf5 4. Nf3 e6 5. Be2 c5 6. Be3 Nd7 7. O-O Ne7 8. c4 dxc4 9. Na3 Nd5 10. Bg5 Be7 11. Bxe7 Qxe7 12. Nxc4 O-O 13. Nd6 cxd4 14. Qxd4 N7b6 15. a4 Rfd8 16. a5 Nc8 17. Nxf5 exf5 18. Rfd1 Qd7 19. Nd2 Nce7 20. Nc4 Nc6 21. Qc5 Qe7 22. Rxd5 Qxc5 23. Rxc5 Nd4 24. Bd1 a6 25. Nb6 1-0

[Event "34.Schlosspark-Open"]
[Site "Wiesbaden-Biebrich"]
[Date "2025.08.28"]
[Round "1.5"]
[White "Rapp, Matthias"]
[Black "Milov, Leonid"]
[Result "0-1"]
[WhiteElo "1869"]
[BlackElo "2390"]
[PlyCount "72"]
[EventDate "2025.08.28"]
[WhiteTeam "Sfr.Mainz 1928"]
[BlackTeam "SC Noris-Tarrasch Nürnberg 1873"]

1. e4 c5 2. Nc3 Nc6 3. Bc4 e6 4. d3 a6 5. a4 Nf6 6. Nge2 d5 7. exd5 exd5 8. Bb3 Be6 9. Nf4 Be7 10. Nxe6 fxe6 11. O-O O-O 12. Ne2 Bd6 13. Bf4 Ng4 14. Bg3 Bxg3 15. hxg3 Qg5 16. Nf4 Rxf4 17. f3 Ne3 18. Qe2 Rf6 19. f4 Qxg3 20. Rf3 Nd4 21. Qxe3 Nxf3+ 22. Qxf3 Qxf3 23. gxf3 Rxf4 24. Kg2 Raf8 25. Rf1 c4 26. dxc4 dxc4 27. Ba2 g5 28. b3 g4 29. bxc4 Rxf3 30. Re1 Rf2+ 31. Kg3 Rxc2 32. Bb1 Rxc4 33. Ba2 Rf3+ 34. Kh4 Rxa4 35. Bxe6+ Kg7 36. Rg1 Kf6 0-1

[Event "34.Schlosspark-Open"]
[Site "Wiesbaden-Biebrich"]
[Date "2025.08.28"]
[Round "1.6"]
[White "Baranyai-Molnar, Adam"]
[Black "Sikorra, Philipp"]
[Result "1-0"]
[WhiteElo "2278"]
[BlackElo "1863"]
[PlyCount "99"]
[EventDate "2025.08.28"]
[WhiteTeam "SF Neuberg"]
[BlackTeam "SF Schönwald"]

1. f4 d5 2. Nf3 Nf6 3. g3 c6 4. Bg2 Qb6 5. e3 Bg4 6. O-O Nbd7 7. h3 Bxf3 8. Qxf3 e5 9. fxe5 Nxe5 10. Qf5 Ng6 11. g4 Qc7 12. Nc3 Qg3 13. Ne2 Qxg2+ 14. Kxg2 Nh4+ 15. Kg1 Nxf5 16. Rxf5 Bd6 17. b3 O-O 18. Bb2 Ne4 19. d3 Ng3 20. Nxg3 Bxg3 21. Raf1 Rae8 22. Ba3 h6 23. Bxf8 Rxf8 24. c4 dxc4 25. bxc4 f6 26. Ra5 Re8 27. Rf3 Bc7 28. Rxa7 Bb6 29. Rxb7 Bxe3+ 30. Kf1 Bd4 31. Rf4 Be5 32. Re4 Rd8 33. d4 Bxd4 34. Ree7 f5 35. Rbd7 Rf8 36. Rxd4 fxg4+ 37. Kg2 gxh3+ 38. Kxh3 Ra8 39. Rdd7 Ra3+ 40. Kg4 Rxa2 41. Rxg7+ Kf8 42. Rh7 Kg8 43. Rxh6 c5 44. Rc6 Ra8 45. Rxc5 Kh8 46. Rcc7 Re8 47. Kf5 Kg8 48. c5 Kh8 49. Rh7+ Kg8 50. Rcg7+ 1-0

[Event "34.Schlosspark-Open"]
[Site "Wiesbaden-Biebrich"]
[Date "2025.08.28"]
[Round "1.7"]
[White "Faßler, Felix"]
[Black "Herrmann, Jakob"]
[Result "1-0"]
[WhiteElo "1822"]
[BlackElo "2283"]
[PlyCount "91"]
[EventDate "2025.08.28"]
[WhiteTeam "SC Fulda"]
[BlackTeam "SAV Torgelow-Drögeheide 90"]

1. e4 c6 2. d4 d5 3. exd5 cxd5 4. Bd3 Nc6 5. c3 Nf6 6. h3 e5 7. dxe5 Nxe5 8. Nf3 Nxd3+ 9. Qxd3 Bd6 10. O-O O-O 11. Be3 Re8 12. Nbd2 Ne4 13. Rad1 Bf5 14. Nxe4 Bxe4 15. Qe2 Qf6 16. Rfe1 h6 17. Kf1 Re7 18. Nd4 Rae8 19. Qg4 Bb8 20. Nf3 Qa6+ 21. Kg1 f5 22. Qh5 Qd6 23. b4 g6 24. Qxh6 Rh7 25. Qg5 Bxf3 26. Bf4 Rhe7 27. Rxe7 Qxe7 28. Qxg6+ Kh8 29. Qh6+ Qh7 30. gxf3 Rg8+ 31. Kf1 Bxf4 32. Qxf4 Qxh3+ 33. Ke2 Re8+ 34. Kd2 Qg2 35. Qh4+ Kg7 36. Rh1 Qg6 37. Qd4+ Kf7 38. Qxd5+ Kg7 39. Qd7+ Kg8 40. Qd5+ Kg7 41. Qxb7+ Kg8 42. Qd5+ Kg7 43. Qd7+ Kg8 44. Rg1 Qxg1 45. Qxe8+ Kg7 46. Qe5+ 1-0

[Event "34.Schlosspark-Open"]
[Site "Wiesbaden-Biebrich"]
[Date "2025.08.28"]
[Round "1.8"]
[White "Chassard, Cedric"]
[Black "Diehl, Stefan"]
[Result "1-0"]
[WhiteElo "2208"]
[BlackElo "1856"]
[PlyCount "29"]
[EventDate "2025.08.28"]
[WhiteTeam "TSV Schott Mainz"]
[BlackTeam "SC 1910 Höchst"]

1. Nf3 f5 2. d3 Nf6 3. Nc3 e6 4. e4 fxe4 5. dxe4 Bb4 6. Bd3 d6 7. e5 dxe5 8. Nxe5 Qd5 9. Nf3 Bxc3+ 10. bxc3 O-O 11. O-O c5 12. Qe2 Nc6 13. Bg5 Ng4 14. Rad1 Qxa2 15. Qe4 1-0

[Event "34.Schlosspark-Open"]
[Site "Wiesbaden-Biebrich"]
[Date "2025.08.28"]
[Round "1.9"]
[White "Launert, Martin"]
[Black "Engel, Bruno"]
[Result "1/2-1/2"]
[WhiteElo "1855"]
[BlackElo "2192"]
[PlyCount "74"]
[EventDate "2025.08.28"]
[WhiteTeam "Schachfreunde Eltville"]
[BlackTeam "Lübecker SV von 1873"]

1. e4 c5 2. Nf3 e6 3. d4 cxd4 4. Nxd4 Nc6 5. Nb5 d6 6. c4 a6 7. N5c3 Nf6 8. Be2 Be7 9. O-O O-O 10. Be3 Qc7 11. Nd2 b6 12. Rc1 Ne5 13. b3 Bb7 14. f4 Ned7 15. Bf3 Rac8 16. Qe2 Rfe8 17. Rfd1 Qb8 18. Nf1 Bd8 19. Ng3 Bc7 20. Qf2 Qa8 21. Na4 Nc5 22. Nxc5 bxc5 23. Qc2 a5 24. Bd2 Nd7 25. Rf1 a4 26. Rce1 Bc6 27. Bc3 f6 28. Re2 Rb8 29. Ra1 Rb7 30. Qd1 Qb8 31. Rb2 Nb6 32. Rbb1 Qd8 33. e5 Qd7 34. exf6 d5 35. fxg7 d4 36. Nh5 Bd8 37. Ba5 Bxf3 1/2-1/2

[Event "34.Schlosspark-Open"]
[Site "Wiesbaden-Biebrich"]
[Date "2025.08.28"]
[Round "1.10"]
[White "Pucher, Sebastien"]
[Black "Döhne, Vincent"]
[Result "1-0"]
[WhiteElo "2257"]
[BlackElo "1839"]
[PlyCount "45"]
[EventDate "2025.08.28"]
[WhiteTeam "Metz"]
[BlackTeam "SC 1979 Hattersheim"]

1. Nf3 Nf6 2. b3 g6 3. Bb2 Bg7 4. g3 O-O 5. Bg2 d5 6. c4 c6 7. O-O Qb6 8. Qc2 Na6 9. d3 Bf5 10. Nbd2 Rfd8 11. a3 Bd7 12. b4 Rac8 13. c5 Nxc5 14. bxc5 Qa6 15. Rfb1 b6 16. Bd4 b5 17. a4 Qb7 18. axb5 cxb5 19. Qa2 Ra8 20. Qa6 Qxa6 21. Rxa6 Bc8 22. Ra5 Bd7 23. Rba1 1-0

[Event "34.Schlosspark-Open"]
[Site "Wiesbaden-Biebrich"]
[Date "2025.08.28"]
[Round "1.11"]
[White "Froitzheim, Ralf"]
[Black "Boidman, Yuri"]
[Result "0-1"]
[WhiteElo "1851"]
[BlackElo "2250"]
[PlyCount "120"]
[EventDate "2025.08.28"]
[WhiteTeam "Schachgemeinschaft Niederkassel"]
[BlackTeam "SC Heimbach-Weis/Neuwied e.V."]

1. c4 e6 2. g3 d5 3. cxd5 Qxd5 4. Nf3 Nf6 5. Nc3 Qh5 6. Qa4+ Nbd7 7. Qh4 Qxh4 8. Nxh4 e5 9. d3 g6 10. Bg2 Bg7 11. Nf3 O-O 12. O-O Re8 13. Nd2 Nb6 14. Nb3 Nbd5 15. Bd2 Bg4 16. Rfe1 Rad8 17. h3 Bc8 18. a3 b6 19. Rac1 Be6 20. Na1 Nxc3 21. Bxc3 Nd5 22. Bd2 c5 23. Nc2 a5 24. Ne3 Nxe3 25. Bxe3 e4 26. Bxe4 Bxb2 27. Rb1 Bxa3 28. Rxb6 Bxh3 29. Bf3 Be6 30. Reb1 Bb4 31. Bc6 Rb8 32. Bxe8 Rxb6 33. Ba4 Rd6 34. Rc1 Bd7 35. Bxd7 Rxd7 36. Bxc5 Bxc5 37. Rxc5 Ra7 38. Rc2 a4 39. Kf1 h5 40. d4 a3 41. Ra2 Kf8 42. f4 f6 43. Kf2 Ke7 44. Kf3 Kd6 45. e4 Kc6 46. e5 fxe5 47. dxe5 Kd5 48. Ke3 g5 49. Rd2+ Ke6 50. Ra2 Kf5 51. fxg5 Kxe5 52. g6 Kf6 53. g7 Rxg7 54. Kf3 Ra7 55. Kf4 Ra4+ 56. Kf3 Kf5 57. Kf2 Ke4 58. Kf1 Kd3 59. Kf2 Kc3 60. Re2 a2 0-1

[Event "34.Schlosspark-Open"]
[Site "Wiesbaden-Biebrich"]
[Date "2025.08.28"]
[Round "1.12"]
[White "Lesny, Florian"]
[Black "Richter, Johanna"]
[Result "1-0"]
[WhiteElo "2235"]
[BlackElo "1851"]
[PlyCount "79"]
[EventDate "2025.08.28"]
[WhiteTeam "Schachfreunde Hünstetten"]
[BlackTeam "Sfr.Heidesheim"]

1. e4 c5 2. Nf3 Nc6 3. d4 cxd4 4. Nxd4 Nf6 5. Nc3 e5 6. Ndb5 d6 7. Bg5 a6 8. Na3 b5 9. Nd5 Be7 10. Bxf6 Bxf6 11. c3 Bg5 12. Nc2 O-O 13. a4 bxa4 14. Rxa4 Rb8 15. h4 Bh6 16. Ncb4 Nxb4 17. cxb4 a5 18. b5 Be6 19. Bc4 Ra8 20. g3 Bxd5 21. Bxd5 Rc8 22. Bc6 g6 23. O-O f5 24. exf5 gxf5 25. Rc4 Kh8 26. Qh5 Bd2 27. Rd1 Bb4 28. b3 Qf6 29. b6 Rb8 30. b7 Bc5 31. Qg5 Qxg5 32. hxg5 Kg7 33. Ra1 Bb4 34. f4 e4 35. Bd5 Kg6 36. Kf2 Rh8 37. Rc7 Rhf8 38. Rh1 Bc5+ 39. Ke2 Rh8 40. Rh6# 1-0

[Event "34.Schlosspark-Open"]
[Site "Wiesbaden-Biebrich"]
[Date "2025.08.28"]
[Round "1.13"]
[White "Zeyen, Helmut"]
[Black "Helmer, Jan"]
[Result "0-1"]
[WhiteElo "1845"]
[BlackElo "2231"]
[PlyCount "57"]
[EventDate "2025.08.28"]
[WhiteTeam "Wiesbadener SV 1885"]
[BlackTeam "HSK Lister Turm"]

1. e4 c5 2. f4 d5 3. exd5 Nf6 4. Bb5+ Nbd7 5. c4 a6 6. Bxd7+ Qxd7 7. d3 e6 8. dxe6 Qxe6+ 9. Qe2 Be7 10. Qxe6 Bxe6 11. Nf3 Rd8 12. Ne5 Ng4 13. b3 Bf6 14. Bb2 Ne3 15. Kd2 Nxg2 16. Rf1 Nxf4 17. Ke3 Ng6 18. Rxf6 gxf6 19. Nf3 Bf5 20. d4 cxd4+ 21. Nxd4 Bxb1 22. Rxb1 Kd7 23. Ke4 Nh4 24. Nf5 Rhe8+ 25. Kf4 Nxf5 26. Kxf5 Re2 27. Rd1+ Kc8 28. Rxd8+ Kxd8 29. Bxf6+ 0-1

[Event "34.Schlosspark-Open"]
[Site "Wiesbaden-Biebrich"]
[Date "2025.08.28"]
[Round "1.14"]
[White "Reus, Rudolf"]
[Black "Fang, Borui"]
[Result "1-0"]
[WhiteElo "2226"]
[BlackElo "1831"]
[PlyCount "63"]
[EventDate "2025.08.28"]
[WhiteTeam "Sfr.Mainz 1928"]
[BlackTeam "SV Oberursel"]

1. c4 e6 2. Nc3 d5 3. d4 Nf6 4. Nf3 c6 5. e3 Bd6 6. Qc2 Nbd7 7. b3 O-O 8. Be2 Re8 9. O-O b6 10. Bb2 Bb7 11. Rad1 Rc8 12. Rfe1 Qe7 13. e4 Nxe4 14. Nxe4 dxe4 15. Qxe4 Nf6 16. Qh4 Nd7 17. Qh3 h6 18. Bd3 Qf8 19. Ne5 Bxe5 20. dxe5 Rcd8 21. Bc2 c5 22. Rd6 g6 23. Red1 Nb8 24. Qg3 Kh7 25. Qf4 Nc6 26. h4 Rxd6 27. Rxd6 Rd8 28. h5 f5 29. hxg6+ Kg7 30. Bc1 Qh8 31. Qh4 Kxg6 32. Rxe6+ 1-0

[Event "34.Schlosspark-Open"]
[Site "Wiesbaden-Biebrich"]
[Date "2025.08.28"]
[Round "1.15"]
[White "Meding, Olaf"]
[Black "Geltz, Noah"]
[Result "0-1"]
[WhiteElo "1842"]
[BlackElo "2169"]
[PlyCount "64"]
[EventDate "2025.08.28"]
[WhiteTeam "Sfr.Mainz 1928"]
[BlackTeam "SF HN-Biberach 1978 e.V."]

1. d4 d5 2. Bf4 c5 3. e3 Nc6 4. Nf3 Nf6 5. Nbd2 e6 6. c3 Nh5 7. Bd3 Qb6 8. Bg3 Qxb2 9. Qc1 Qxc1+ 10. Rxc1 c4 11. Bc2 Nxg3 12. hxg3 b5 13. e4 Be7 14. Rb1 Rb8 15. Ke2 g6 16. Ne5 Nxe5 17. dxe5 O-O 18. Rhd1 Rd8 19. Nf3 a5 20. Nd4 Bd7 21. f3 b4 22. Kf2 Bc5 23. cxb4 axb4 24. exd5 exd5 25. Kf1 Ra8 26. Ra1 b3 27. Nxb3 cxb3 28. Bxb3 Bb5+ 29. Ke1 d4 30. Rac1 Rac8 31. Rb1 Ba6 32. e6 Re8 0-1

[Event "34.Schlosspark-Open"]
[Site "Wiesbaden-Biebrich"]
[Date "2025.08.28"]
[Round "1.16"]
[White "Perske, Paul"]
[Black "Ringel, Max"]
[Result "1-0"]
[WhiteElo "2183"]
[BlackElo "1760"]
[PlyCount "65"]
[EventDate "2025.08.28"]
[WhiteTeam "Sfr.Heidesheim"]
[BlackTeam "SK Bad Homburg 1927"]

1. d4 d5 2. c4 c6 3. Nc3 Nf6 4. e3 e6 5. Nf3 Nbd7 6. Be2 dxc4 7. a4 Bb4 8. Bxc4 O-O 9. O-O c5 10. Na2 Qe7 11. Nxb4 cxb4 12. Qe2 b6 13. Bd2 a5 14. Rfc1 Qd8 15. e4 Bb7 16. Bd3 Qb8 17. e5 Nd5 18. Qe4 g6 19. Qh4 Rc8 20. Ng5 Nf8 21. Ne4 Rxc1+ 22. Rxc1 Nd7 23. Nd6 f6 24. f4 f5 25. Bb5 Nf8 26. Qh6 Nc7 27. Be1 Nxb5 28. Nxb5 Qd8 29. Rc7 Qxc7 30. Nxc7 Rc8 31. Nb5 Rc2 32. Nd6 Bd5 33. Qg5 1-0

[Event "34.Schlosspark-Open"]
[Site "Wiesbaden-Biebrich"]
[Date "2025.08.28"]
[Round "1.17"]
[White "Ziegler, Jörg"]
[Black "Musiienko, Tymur"]
[Result "0-1"]
[WhiteElo "1838"]
[BlackElo "2202"]
[PlyCount "66"]
[EventDate "2025.08.28"]
[WhiteTeam "SAbt BKA Wiesbaden"]
[BlackTeam "Wiesbadener SV 1885"]

1. d4 d5 2. Nf3 Nf6 3. Bf4 e6 4. g3 c5 5. e3 Nc6 6. c3 Be7 7. Bg2 O-O 8. O-O Ne4 9. g4 b6 10. h3 Ba6 11. Re1 Bh4 12. Nxh4 Qxh4 13. Bxe4 dxe4 14. Kg2 Rad8 15. Bg3 Qe7 16. Qc2 Bb7 17. Nd2 cxd4 18. cxd4 Nb4 19. Qb3 Nd3 20. Rf1 Rc8 21. Qa3 Qxa3 22. bxa3 Rc2 23. Nb3 f5 24. gxf5 exf5 25. Kg1 g5 26. Be5 f4 27. exf4 e3 28. fxe3 Rg2+ 29. Kh1 Rxa2+ 30. Kg1 Rg2+ 31. Kh1 gxf4 32. exf4 Kf7 33. Nc1 Rd2+ 0-1

[Event "34.Schlosspark-Open"]
[Site "Wiesbaden-Biebrich"]
[Date "2025.08.28"]
[Round "1.18"]
[White "Raasch, Jörg"]
[Black "Wagner, Cosima Thien-An"]
[Result "1/2-1/2"]
[WhiteElo "2195"]
[BlackElo "1837"]
[PlyCount "71"]
[EventDate "2025.08.28"]
[WhiteTeam "Klub Kölner SF e. V."]
[BlackTeam "TV Tegernsee"]

1. d4 d5 2. Nc3 Nf6 3. Bf4 e6 4. e3 a6 5. Bd3 c5 6. dxc5 Bxc5 7. Nf3 Nc6 8. O-O O-O 9. e4 d4 10. e5 dxc3 11. exf6 g6 12. bxc3 Qxf6 13. Qd2 e5 14. Be3 Bxe3 15. Qxe3 Re8 16. Be4 Bf5 17. Rab1 Bxe4 18. Qxe4 Qe7 19. Rb6 Rac8 20. h4 Rc7 21. Re1 Qc5 22. Rbb1 Qxc3 23. h5 Qc5 24. hxg6 hxg6 25. Rbd1 f5 26. Qh4 Kg7 27. Qg3 Qe7 28. Nh4 Qf6 29. c3 Rce7 30. Rd6 Re6 31. Red1 Rxd6 32. Rxd6 Re6 33. Rd7+ Re7 34. Rd6 Re6 35. Rd7+ Re7 36. Rd6 1/2-1/2

[Event "34.Schlosspark-Open"]
[Site "Wiesbaden-Biebrich"]
[Date "2025.08.28"]
[Round "1.19"]
[White "Ziska, Stephan"]
[Black "Minor, Samuel"]
[Result "1/2-1/2"]
[WhiteElo "1835"]
[BlackElo "2186"]
[PlyCount "58"]
[EventDate "2025.08.28"]
[WhiteTeam "SF Bürstadt"]
[BlackTeam "Wiesbadener SV 1885"]

1. e4 c5 2. c3 Nf6 3. e5 Nd5 4. Bc4 Nb6 5. Bb3 d6 6. exd6 Qxd6 7. d4 cxd4 8. Qxd4 Qg6 9. Ne2 Nc6 10. Qe3 Qxg2 11. Rg1 Qxh2 12. Na3 Qe5 13. Qf3 Bf5 14. Bf4 Qe4 15. Qg3 e5 16. Be3 Bg6 17. Bc2 Qd5 18. Rd1 Qa5 19. Bb3 Bc5 20. Bxf7+ Kxf7 21. Qf3+ Ke8 22. b4 Nxb4 23. Qxb7 Qa6 24. Qxg7 Bxe3 25. Rxg6 hxg6 26. Qxh8+ Kf7 27. Qh7+ Kf8 28. Qh8+ Kf7 29. Qh7+ Kf8 1/2-1/2

[Event "34.Schlosspark-Open"]
[Site "Wiesbaden-Biebrich"]
[Date "2025.08.28"]
[Round "1.20"]
[White "Kersten, Uwe"]
[Black "Mrsic, Ivan"]
[Result "1-0"]
[WhiteElo "2169"]
[BlackElo "1829"]
[PlyCount "77"]
[EventDate "2025.08.28"]
[WhiteTeam "Sfr. Wolfhagen e. V."]
[BlackTeam "Sfr.Mainz 1928"]

1. e4 g6 2. d4 Bg7 3. Nf3 d6 4. Bc4 Nf6 5. Qe2 Bg4 6. e5 dxe5 7. dxe5 Nd5 8. O-O O-O 9. Nbd2 Nb6 10. Bb3 Nc6 11. h3 Nd4 12. Qe4 Nxb3 13. Nxb3 Bf5 14. Qe2 Qd5 15. Re1 Qc4 16. Qxc4 Nxc4 17. Nbd4 Bc8 18. b3 Nb6 19. Ba3 Re8 20. c4 a6 21. Rad1 e6 22. Nd2 Nd7 23. f4 c5 24. N4f3 b6 25. Ne4 Rd8 26. Nd6 Bf8 27. Ng5 Bxd6 28. Rxd6 h6 29. Ne4 Kf8 30. Red1 Bb7 31. Nf6 Nxf6 32. Rxd8+ Ne8 33. Rxa8 Bxa8 34. Rd8 Be4 35. Rb8 Bb1 36. Rxb6 Bxa2 37. Bxc5+ Kg7 38. Rb8 Nc7 39. Bd6 1-0

[Event "34.Schlosspark-Open"]
[Site "Wiesbaden-Biebrich"]
[Date "2025.08.28"]
[Round "1.21"]
[White "Urban, Michael"]
[Black "Stork, Christopher"]
[Result "0-1"]
[WhiteElo "1827"]
[BlackElo "2114"]
[PlyCount "70"]
[EventDate "2025.08.28"]
[WhiteTeam "Bergische SF Bergisch"]
[BlackTeam "SV Oberursel"]

1. d4 Nf6 2. Bf4 d5 3. e3 e6 4. Nf3 c5 5. c3 Nc6 6. Nbd2 Bd6 7. Bg3 O-O 8. Bd3 Re8 9. Ne5 Qc7 10. f4 b6 11. O-O Bb7 12. Bh4 Be7 13. Qf3 Rac8 14. Qh3 Ne4 15. Ndf3 Bxh4 16. Qxh4 f6 17. Ng4 Ne7 18. Nf2 Nf5 19. Qh3 Nxe3 20. Ng5 fxg5 21. Qxe3 gxf4 22. Qe2 cxd4 23. cxd4 e5 24. Bb5 Rf8 25. Nd3 a6 26. Rac1 Qe7 27. Ba4 Rxc1 28. Rxc1 exd4 29. Rf1 Qg5 30. Bd1 a5 31. Ne1 Qf6 32. Bb3 Nc5 33. Rf2 d3 34. Qd1 Qd4 35. Nf3 Qe3 0-1

[Event "34.Schlosspark-Open"]
[Site "Wiesbaden-Biebrich"]
[Date "2025.08.28"]
[Round "1.22"]
[White "Jahnel, Günther"]
[Black "Bolduan, Michael"]
[Result "1-0"]
[WhiteElo "2163"]
[BlackElo "1825"]
[PlyCount "65"]
[EventDate "2025.08.28"]
[WhiteTeam "FVS ASP Hoyerswerda"]
[BlackTeam "Sfr Stiller Zug Wiesbaden"]

1. d4 e6 2. c4 f5 3. Nf3 d5 4. g3 Nf6 5. Bg2 c6 6. O-O Bd6 7. Qc2 O-O 8. Nbd2 Qe8 9. Rb1 Qh5 10. b4 Nbd7 11. b5 Ne4 12. bxc6 bxc6 13. cxd5 cxd5 14. Qc6 Ndf6 15. Qxa8 Ba6 16. Qxa7 Bxe2 17. Re1 Nxd2 18. Nxd2 f4 19. Rb7 Ne8 20. Rb3 Bg4 21. Ba3 fxg3 22. fxg3 Qg5 23. Nf3 Qf6 24. Rf1 Qd8 25. Qa6 Rf6 26. Ne5 Bf5 27. Qc6 Bg6 28. Bxd6 Nxd6 29. Nd7 Rxf1+ 30. Bxf1 Ne8 31. Qxe6+ Bf7 32. Rf3 Nf6 33. Nxf6+ 1-0

[Event "34.Schlosspark-Open"]
[Site "Wiesbaden-Biebrich"]
[Date "2025.08.28"]
[Round "1.23"]
[White "Kolker, Vladislav"]
[Black "Akhmatovski, Maxim"]
[Result "0-1"]
[WhiteElo "1825"]
[BlackElo "2136"]
[PlyCount "36"]
[EventDate "2025.08.28"]
[WhiteTeam "SC Bad Nauheim"]
[BlackTeam "SV Oberursel"]

1. e4 e6 2. Nf3 d5 3. e5 c5 4. b4 d4 5. bxc5 Bxc5 6. c3 Nc6 7. Ba3 Qa5 8. Bxc5 Qxc5 9. cxd4 Nxd4 10. Qa4+ Bd7 11. Qxd4 Qc1+ 12. Ke2 Bb5+ 13. Ke3 Bxf1 14. Qc3 Qxc3+ 15. Nxc3 Bxg2 16. Rhg1 Bxf3 17. Kxf3 Ne7 18. Rxg7 Ng6 0-1

[Event "34.Schlosspark-Open"]
[Site "Wiesbaden-Biebrich"]
[Date "2025.08.28"]
[Round "1.24"]
[White "Nagel, Bernhard"]
[Black "Riedel, Thomas"]
[Result "1-0"]
[WhiteElo "2148"]
[BlackElo "1825"]
[PlyCount "67"]
[EventDate "2025.08.28"]
[WhiteTeam "Kölner Schachklub Dr. Lasker 186"]
[BlackTeam "SC Einrich e.V."]

1. e4 c5 2. Nf3 Nc6 3. Bb5 g6 4. O-O Bg7 5. Bxc6 dxc6 6. d3 Qc7 7. Re1 Nf6 8. h3 e5 9. Be3 b6 10. a4 a5 11. Na3 Nd7 12. Qd2 Ba6 13. Bh6 O-O 14. Nh2 f5 15. exf5 Bxh6 16. Qxh6 gxf5 17. Nf3 Rf6 18. Qh4 Qd6 19. Nc4 Bxc4 20. Qxc4+ Kg7 21. Re2 Re8 22. Rae1 h6 23. Qc3 Rfe6 24. Nh4 Kf6 25. Qd2 f4 26. Re4 Rg8 27. Qe2 Rg5 28. Nf3 Rf5 29. d4 Re7 30. dxe5+ Nxe5 31. Nh4 f3 32. Nxf5 Kxf5 33. Qe3 Nc4 34. Qxf3+ 1-0

[Event "34.Schlosspark-Open"]
[Site "Wiesbaden-Biebrich"]
[Date "2025.08.28"]
[Round "1.25"]
[White "Brandt, Michael"]
[Black "Sievers, Andy"]
[Result "0-1"]
[WhiteElo "1817"]
[BlackElo "2148"]
[PlyCount "39"]
[EventDate "2025.08.28"]
[WhiteTeam "FT Schierstein"]
[BlackTeam "SK Kaiserslautern 1905"]

1. f4 Nf6 2. Nf3 g6 3. e3 Bg7 4. Be2 O-O 5. O-O d5 6. c4 dxc4 7. Bxc4 b6 8. Nc3 Bb7 9. d3 Nc6 10. a3 Na5 11. Qe2 Nxc4 12. dxc4 Ne4 13. Nxe4 Bxe4 14. Rd1 Qe8 15. Ng5 Bc6 16. e4 e5 17. Rb1 exf4 18. Bxf4 h6 19. Nh3 Qxe4 20. Rd2 0-1

[Event "34.Schlosspark-Open"]
[Site "Wiesbaden-Biebrich"]
[Date "2025.08.28"]
[Round "1.26"]
[White "Derr, Oleg"]
[Black "Kappeler, Georg"]
[Result "1/2-1/2"]
[WhiteElo "2146"]
[BlackElo "1768"]
[PlyCount "107"]
[EventDate "2025.08.28"]
[WhiteTeam "VSG 1880 Offenbach"]
[BlackTeam "SK Marburg 1931/72"]

1. e4 c5 2. Nf3 d6 3. d4 cxd4 4. Nxd4 Nf6 5. Nc3 g6 6. Be3 Bg7 7. Qd2 Ng4 8. Bg5 h6 9. Bh4 Nc6 10. Nb3 Be6 11. h3 Nge5 12. Nd5 O-O 13. f4 Nd7 14. O-O-O Nc5 15. Nxc5 dxc5 16. Nxe7+ Nxe7 17. Qxd8 Rfxd8 18. Rxd8+ Rxd8 19. Bxe7 Rd4 20. Bxc5 Rxe4 21. b3 Re1+ 22. Kd2 Ra1 23. Bxa7 Rxa2 24. Be3 Bxb3 25. Bd3 Bd5 26. Rg1 Bf6 27. g3 Kg7 28. Rb1 Rb2 29. Re1 b5 30. Bc5 b4 31. Ke3 b3 32. cxb3 Rxb3 33. Bd4 Bc4 34. Rd1 Bxd4+ 35. Kxd4 Bxd3 36. Rxd3 Rb1 37. g4 Re1 38. Re3 Rxe3 39. Kxe3 Kf6 40. Kd4 Ke6 41. Ke4 f5+ 42. Ke3 fxg4 43. hxg4 h5 44. f5+ gxf5 45. gxh5 Kf6 46. Kf4 Kg7 47. Kxf5 Kh6 48. Kg4 Kh7 49. Kg5 Kg7 50. h6+ Kh7 51. Kh5 Kh8 52. Kg6 Kg8 53. h7+ Kh8 54. Kh6 1/2-1/2

[Event "34.Schlosspark-Open"]
[Site "Wiesbaden-Biebrich"]
[Date "2025.08.28"]
[Round "1.27"]
[White "Mehlen, Theodor"]
[Black "Bauer, Claus"]
[Result "0-1"]
[WhiteElo "1813"]
[BlackElo "2145"]
[PlyCount "60"]
[EventDate "2025.08.28"]
[WhiteTeam "SC Matt im Park Ffm"]
[BlackTeam "Sfr.Mainz 1928"]

1. e4 d6 2. Nc3 Nf6 3. f4 d5 4. exd5 Nxd5 5. Nxd5 Qxd5 6. Qf3 Qd6 7. Bc4 Nc6 8. Ne2 h5 9. h3 h4 10. d3 Bf5 11. Bd2 e6 12. Bc3 O-O-O 13. O-O-O Qc5 14. Bb3 Bg6 15. Rd2 b6 16. g4 hxg3 17. Nxg3 Nd4 18. Bxd4 Qxd4 19. Qf2 Bc5 20. Qxd4 Bxd4 21. Re2 Rh4 22. f5 exf5 23. c3 Bf6 24. d4 f4 25. Nf1 Rdh8 26. Nd2 Rxh3 27. Rhe1 f3 28. Nxf3 Rxf3 29. Ba4 Bg5+ 30. Kd1 Rd3+ 0-1